00584nam a2200193 a 4500001001300000003000900013005001700022008004100039020002300080082001500103100001900118245008100137260004600218300001000264500003500274505003200309650003000341700001900371nice12345678IN_TiNIC20260116013124.0050524s1998 nasa grp 000 0 eng  a0785240 c51700a225.9bBEL aBell, Albert A aExploring the New Testament Worldb an Illustrated Guide to the World of Jes aNashvillebThomas Nelson Publishersc1998 a322p. aincludes index and biblioraphy2 aforeword by bruce m metzger aBible N.T. Historiography1 aBell, Albert A